[Event "DOM-chT"]
[Site "Santiago de los Caballeros"]
[Date "2017.08.18"]
[Round "3.1"]
[White "Rodriguez Franco, Carlos Manuel"]
[Black "Almanzar Vasquez, Jennifer Maria"]
[Result "1-0"]
[WhiteElo "2036"]
[BlackElo "1797"]
[PlyCount "63"]
[EventDate "2017.08.17"]
[EventType "team-swiss"]
[EventRounds "6"]
[EventCountry "DOM"]
[SourceTitle "EXT 2019"]
[Source "ChessBase"]
[SourceDate "2018.10.10"]
[SourceVersion "1"]
[SourceVersionDate "2018.10.10"]
[SourceQuality "1"]
[WhiteTeam "Valverde Mao"]
[BlackTeam "Femenino"]
[WhiteTeamCountry "DOM"]
[BlackTeamCountry "DOM"]

1. c4 Nf6 2. Nc3 d6 3. Nf3 Nbd7 4. g3 e5 5. Bg2 Be7 6. 0-0 c6 7. d4 0-0 8. e4 Re8 9. Qc2 Qc7 10. b3 a5 11. Bb2 exd4 12. Nxd4 Nc5 13. Rfe1 Bg4 14. h3 Bd7 15. Rad1 Bf8 16. a3 Qb6 17. Kh2 Be6 18. f4 d5 19. exd5 cxd5 20. f5 Bd7 21. Nxd5 Nxd5 22. Bxd5 Bd6 23. Qc3 Be5 24. Rxe5 Rxe5 25. Ne6 Re2+ 26. Kh1 f6 27. Nxc5+ Kh8 28. Ne4 Bxf5 29. Nxf6 Bxh3 30. c5 Qd8 31. Nh5 Bg2+ 32. Kg1 1-0